[Event "Madurai Athens of the East op 3rd"]
[Site "Madurai"]
[Date "2023.12.27"]
[Round "6"]
[White "Majumder, Shrayan"]
[Black "Ziatdinov, Raset"]
[Result "0-1"]
[WhiteElo "1964"]
[BlackElo "2106"]
[PlyCount "78"]
[EventDate "2023.12.23"]
[EventType "swiss"]
[EventRounds "10"]
[EventCountry "IND"]
[SourceTitle "CB06_2024"]
[SourceDate "2024.02.07"]
[SourceVersion "1"]
[SourceVersionDate "2024.02.07"]
[SourceQuality "1"]

1. c4 e5 2. Nc3 Nc6 3. Nf3 f5 4. g3 d6 5. d4 e4 6. Nh4 Be7 7. Nd5 Bf6 8. Nxf6+ Qxf6 9. e3 Qf7 10. Ng2 Nf6 11. h4 0-0 12. Nf4 Ne7 13. Be2 Bd7 14. Bd2 Rad8 15. a4 c6 16. Ba5 b6 17. Bc3 c5 18. d5 Rb8 19. b4 cxb4 20. Bxb4 Nc8 21. Qd4 Ne8 22. Bc3 Nf6 23. Rg1 Qe7 24. h5 Kf7 25. f3 Rg8 26. g4 exf3 27. Bxf3 fxg4 28. Bg2 Nxh5 29. Nxh5 Qh4+ 30. Ke2 Qxh5 31. Rh1 Qg5 32. Raf1+ Ke8 33. Rxh7 Ne7 34. Rxg7 Rxg7 35. Qxg7 Qxg7 36. Bxg7 Nf5 37. Rf4 Nxg7 38. Be4 Ke7 39. Bg6 Rf8 0-1

[Event "Tamil Nadu IM 6th"]
[Site "Chennai"]
[Date "2023.11.21"]
[Round "4"]
[White "Prasannaa, S."]
[Black "Ziatdinov, Raset"]
[Result "1-0"]
[WhiteElo "2120"]
[BlackElo "2077"]
[PlyCount "93"]
[EventDate "2023.11.19"]
[EventType "tourn"]
[EventRounds "9"]
[EventCountry "IND"]
[EventCategory "1"]
[SourceTitle "CB48_2023"]
[SourceDate "2023.11.29"]
[SourceVersion "1"]
[SourceVersionDate "2023.11.29"]
[SourceQuality "1"]

1. a3 e5 2. e4 Nc6 3. Nf3 g6 4. Bc4 Bg7 5. d3 Nf6 6. Nc3 d6 7. h3 0-0 8. Bg5 h6 9. Be3 Be6 10. Qd2 Kh7 11. Bb5 Nd7 12. d4 Nxd4 13. Nxd4 exd4 14. Bxd4 Bxd4 15. Qxd4 Qf6 16. 0-0-0 Qxd4 17. Rxd4 Nf6 18. f4 c6 19. f5 Bc8 20. Bd3 Ne8 21. Rf1 Kg7 22. g4 b6 23. h4 g5 24. Bc4 b5 25. Ba2 a5 26. Kb1 Ra7 27. Ne2 c5 28. Rd2 c4 29. Nc3 Ba6 30. Nd5 f6 31. Rh2 Bb7 32. a4 Bxd5 33. exd5 bxa4 34. Rfh1 Rh8 35. Re1 Rc7 36. h5 Kf7 37. Rhe2 Ng7 38. Re3 Rb8 39. Rc3 Rcb7 40. Rxc4 Rxb2+ 41. Ka1 R2b4 42. Rc7+ Kf8 43. c4 Rb2 44. c5 Ne8 45. Rh7 Kg8 46. Rhe7 Ng7 47. cxd6 1-0

[Event "Tamil Nadu IM 3rd"]
[Site "Chennai"]
[Date "2023.11.03"]
[Round "8"]
[White "Gochelashvili, David"]
[Black "Ziatdinov, Raset"]
[Result "1-0"]
[WhiteElo "2304"]
[BlackElo "2077"]
[PlyCount "59"]
[EventDate "2023.10.30"]
[EventType "tourn"]
[EventRounds "9"]
[EventCountry "IND"]
[SourceTitle "Mega2024 Update 01"]
[Source "Chessbase"]
[SourceDate "2023.11.12"]
[SourceVersion "1"]
[SourceVersionDate "2023.11.12"]
[SourceQuality "1"]

1. e4 e5 2. Nf3 Nc6 3. Bb5 a6 4. Ba4 Nf6 5. d3 d6 6. 0-0 b5 7. Bb3 Na5 8. Re1 Be7 9. Nc3 0-0 10. Bg5 c6 11. h3 h6 12. Bd2 Nh7 13. d4 exd4 14. Nxd4 c5 15. Nd5 Bg5 16. Bxa5 Qxa5 17. Nc6 Qd2 18. Qf3 Bd8 19. Nde7+ Bxe7 20. Nxe7+ Kh8 21. Bxf7 Qg5 22. Ng6+ Qxg6 23. Bxg6 Rxf3 24. gxf3 Ng5 25. Kg2 Bxh3+ 26. Kg3 Be6 27. f4 Nh7 28. f5 Bg8 29. Rad1 Rd8 30. e5 1-0

[Event "Tamil Nadu IM 2nd"]
[Site "Chennai"]
[Date "2023.10.25"]
[Round "5"]
[White "Harshad, S."]
[Black "Ziatdinov, Raset"]
[Result "1-0"]
[WhiteElo "2177"]
[BlackElo "2081"]
[PlyCount "75"]
[EventDate "2023.10.23"]
[EventType "tourn"]
[EventRounds "9"]
[EventCountry "IND"]
[SourceTitle "Mega2024 Update 01"]
[Source "Chessbase"]
[SourceDate "2023.11.12"]
[SourceVersion "1"]
[SourceVersionDate "2023.11.12"]
[SourceQuality "1"]

1. e4 c5 2. Nf3 Nc6 3. d4 cxd4 4. Nxd4 Nf6 5. Nc3 d6 6. Bg5 e6 7. Qd2 Be7 8. 0-0-0 a6 9. Kb1 Bd7 10. f3 b5 11. h4 Na5 12. h5 b4 13. Bxf6 Bxf6 14. Nce2 Nc4 15. Qd3 Rc8 16. f4 e5 17. fxe5 Bxe5 18. Ng1 Ba4 19. Ngf3 Nxb2 20. Kxb2 Bxc2 21. Qxc2 Rxc2+ 22. Kxc2 0-0 23. Nxe5 dxe5 24. Nb3 Qg5 25. Kb1 f5 26. Bxa6 fxe4 27. Rhf1 Rf4 28. Bc4+ Kf8 29. Nc5 Rxf1 30. Rxf1+ Ke8 31. Rf8+ Ke7 32. Rf7+ Ke8 33. Rf8+ Ke7 34. Rf7+ Ke8 35. Rc7 Qxh5 36. Bb5+ Kf8 37. Ne6+ Kg8 38. Rc8+ 1-0

[Event "Tamil Nadu IM 1st"]
[Site "Chennai"]
[Date "2023.10.19"]
[Round "6"]
[White "Harshad, S."]
[Black "Ziatdinov, Raset"]
[Result "1/2-1/2"]
[WhiteElo "2177"]
[BlackElo "2081"]
[PlyCount "167"]
[EventDate "2023.10.16"]
[EventType "tourn"]
[EventRounds "9"]
[EventCountry "IND"]
[SourceTitle "Mega2024 Update 01"]
[Source "Chessbase"]
[SourceDate "2023.11.12"]
[SourceVersion "1"]
[SourceVersionDate "2023.11.12"]
[SourceQuality "1"]

1. e4 c5 2. Nf3 Nc6 3. d4 cxd4 4. Nxd4 g6 5. c4 Bg7 6. Be3 Nf6 7. Nc3 0-0 8. Be2 d6 9. 0-0 Bd7 10. Rc1 a5 11. Ndb5 Nb4 12. f3 Bc6 13. c5 dxc5 14. Bxc5 Nd7 15. Be3 Ne5 16. Qb3 Nbd3 17. Rcd1 a4 18. Nxa4 Qa5 19. Nac3 Bxb5 20. Nxb5 Nxb2 21. Rd2 Na4 22. Rfd1 Rfc8 23. f4 Nc6 24. Bc4 Rf8 25. Rd7 Nb2 26. R1d2 Nxc4 27. Qxc4 Rac8 28. Qb3 Rfd8 29. Rxd8+ Nxd8 30. Kf2 Ne6 31. Na7 Rc1 32. Qb5 Qc7 33. e5 Qc4 34. Qxc4 Rxc4 35. g3 f6 36. exf6 Bxf6 37. Nb5 Rb4 38. Na3 Kf7 39. Nc2 Ra4 40. Ne1 b5 41. Nd3 Bc3 42. Rc2 b4 43. Nc5 Ra8 44. Nxe6 Kxe6 45. Bd2 Kd5 46. Bxc3 bxc3 47. Rxc3 Rxa2+ 48. Kf3 Rxh2 49. Re3 e6 50. Kg4 Kd6 51. Kg5 Ke7 52. Ra3 Rh5+ 53. Kg4 Kf6 54. Ra7 Rh2 55. Ra5 Rf2 56. Re5 h6 57. Rc5 Rd2 58. Rc3 h5+ 59. Kf3 g5 60. fxg5+ Kxg5 61. Rc8 Rd3+ 62. Kg2 Rd5 63. Kf3 Rf5+ 64. Kg2 Kf6 65. Kh3 Ke5 66. Re8 Kd5 67. g4 hxg4+ 68. Kxg4 Rf1 69. Kg3 e5 70. Kg2 Rf7 71. Ra8 e4 72. Ra5+ Kd4 73. Ra4+ Kd3 74. Ra3+ Kd2 75. Ra2+ Ke3 76. Ra3+ Kf4 77. Kf2 Rh7 78. Ke1 Rh2 79. Rb3 Rc2 80. Ra3 Rg2 81. Rb3 Rg1+ 82. Ke2 Ra1 83. Rc3 Ra2+ 84. Ke1 1/2-1/2

[Event "Tamil Nadu IM 1st"]
[Site "Chennai"]
[Date "2023.10.16"]
[Round "2"]
[White "Ziatdinov, Raset"]
[Black "Srija, Seshadri"]
[Result "1/2-1/2"]
[WhiteElo "2081"]
[BlackElo "2214"]
[PlyCount "136"]
[EventDate "2023.10.16"]
[EventType "tourn"]
[EventRounds "9"]
[EventCountry "IND"]
[SourceTitle "Mega2024 Update 01"]
[Source "Chessbase"]
[SourceDate "2023.11.12"]
[SourceVersion "1"]
[SourceVersionDate "2023.11.12"]
[SourceQuality "1"]

1. e4 e5 2. Nf3 Nc6 3. Bb5 a6 4. Ba4 g6 5. 0-0 Bg7 6. d4 exd4 7. c3 b5 8. Bb3 Nge7 9. Bg5 h6 10. Bh4 d6 11. Nxd4 Nxd4 12. cxd4 g5 13. Bg3 0-0 14. Nc3 Bb7 15. f4 c5 16. fxg5 hxg5 17. Qh5 c4 18. Bc2 Ng6 19. Rad1 Qb6 20. Bf2 Rae8 21. Qxg5 Qd8 22. Qg3 Re6 23. h4 Ne7 24. h5 Kh8 25. Be3 Ng8 26. d5 Re5 27. Rf5 Rxf5 28. exf5 Be5 29. Bf4 Re8 30. Bxe5+ Rxe5 31. Re1 Rxe1+ 32. Qxe1 Qb6+ 33. Kf1 Qd4 34. Qe4 Qf6 35. Nd1 Kg7 36. g4 Qh4 37. Ne3 Nf6 38. Qd4 Kg8 39. Bd1 Nxh5 40. Bf3 Qg3 41. gxh5 Qxf3+ 42. Ke1 Qxh5 43. Qf4 Bxd5 44. Qg3+ Kh7 45. f6 Qh1+ 46. Kf2 Qh6 47. Nxd5 Qd2+ 48. Kg1 Qd1+ 49. Kh2 Qe2+ 50. Kh3 Qf1+ 51. Kg4 Qd1+ 52. Qf3 Qg1+ 53. Kf4 Qh2+ 54. Kg5 Qg1+ 55. Qg4 Qc1+ 56. Nf4 Qxb2 57. Qf5+ Kg8 58. Qc8+ Kh7 59. Qe8 Qe5+ 60. Qxe5 dxe5 61. Nd5 a5 62. Kf5 b4 63. Kxe5 c3 64. Ne3 a4 65. Kd4 Kg6 66. Kd3 b3 67. axb3 axb3 68. Kxc3 Kxf6 1/2-1/2